Kika Serien - Statistiken

Allgemein
  • Dieses Quiz wurde 68 mal gespielt
  • Das Durchschnittsergebnis liegt bei 7 aus 16
Answers on the Grid
Answers color-coded by a green-red scale on the quiz's grid according to % correct below.
Baumhaus
Miraculous
Bernd das Brot
Beutolomäus
Angelo
Biene Maja
Die beste Klasse Deutschlands
Dein Song
Die Pfefferkörner
Woozle Goozle
Masha und der Bär
Lassie
Sally Bollywood
Lego Ninjago
Die Sendung mit der Maus
Die Thundermans
Peppa Pig
Die Schlümpfe
Rabe Socke
Kim possible
Zoom der weiße Delfin
Heidi
Zoes Zauberschrank
Der Kleine Drache Kokousnuss
Henry Danger
Caillou
Löwenzahn
Hannah Montana
 
Antwortstatistiken
Antwort % Korrekt
Bernd das Brot
86%
Biene Maja
71%
Beutolomäus
69%
Baumhaus
62%
Die beste Klasse Deutschlands
62%
Die Pfefferkörner
57%
Dein Song
52%
Heidi
36%
Löwenzahn
33%
Die Sendung mit der Maus
31%
Rabe Socke
31%
Der Kleine Drache Kokousnuss
24%
Lassie
17%
Zoes Zauberschrank
14%
Die Schlümpfe
12%
Zoom der weiße Delfin
10%
Keine übereinstimmenden Quizze gefunden
Verteilung der Resultate
Anzahl Personen mit jedem Resultat
Perzentil nach korrekt beantworteten Fragen
Ihre Resultats-Entwicklung
Sie haben dieses Quiz noch nicht gespielt